[Event "SC-2012-0-00168"]
[Site "LSS email"]
[Date "2012.12.30"]
[Round "?"]
[White "Zivotic, Aleksandar"]
[Black "Sternik, Ryszard"]
[Result "0-1"]
[WhiteElo "2006"]
[BlackElo "1729"]
[PlyCount "38"]
[EventDate "2012.12.14"]
[EventType "tourn (corr)"]
[EventRounds "6"]
[EventCountry "GER"]
[SourceTitle "Corr 2024"]
[Source "ChessBase"]
[SourceDate "2023.10.19"]
[SourceVersion "1"]
[SourceVersionDate "2023.10.19"]
[SourceQuality "1"]

1. e4 e5 2. Nf3 Nc6 3. d4 exd4 4. Nxd4 Bc5 5. Be3 Qf6 6. c3 Nge7 7. Bc4 Ne5 8. Be2 d5 9. 0-0 0-0 10. f4 N5c6 11. e5 Qh4 12. Qc1 Bg4 13. Nxc6 Bxe3+ 14. Qxe3 Nxc6 15. Bxg4 Qxg4 16. Na3 a6 17. Nc2 f6 18. h3 Qe6 19. Nd4 Nxd4 0-1

[Event "BI-2012-P-00030"]
[Site "LSS email"]
[Date "2012.04.20"]
[Round "?"]
[White "Krueger, Hilmar"]
[Black "Zivotic, Aleksandar"]
[Result "1/2-1/2"]
[WhiteElo "2165"]
[BlackElo "1711"]
[PlyCount "59"]
[EventDate "2012.04.22"]
[EventType "tourn (corr)"]
[EventRounds "10"]
[EventCountry "GER"]
[SourceTitle "Telechess CBM 163"]
[Source "ChessBase"]
[SourceDate "2014.11.11"]
[SourceVersion "2"]
[SourceVersionDate "2014.11.11"]
[SourceQuality "1"]

1. e4 c5 2. Nf3 d6 3. d4 cxd4 4. Nxd4 Nf6 5. Nc3 a6 6. Be3 e5 7. Nb3 Be6 8. f3 Be7 9. Qd2 0-0 10. 0-0-0 Nbd7 11. g4 b5 12. g5 b4 13. gxf6 bxc3 14. Qxc3 Nxf6 15. Na5 Rc8 16. Nc6 Qd7 17. Nxe7+ Qxe7 18. Qa5 Rc6 19. Rg1 Rfc8 20. c3 g6 21. Kb1 Kg7 22. Rg2 Bh3 23. Rgd2 Bxf1 24. Rxf1 Qe6 25. Rfd1 Nd7 26. Qb4 Qh3 27. Rxd6 Rb8 28. Qa4 Rxd6 29. Rxd6 Qxf3 30. Rxd7 1/2-1/2

[Event "BI-2012-P-00030"]
[Site "LSS email"]
[Date "2012.04.20"]
[Round "?"]
[White "Paluch, Andrzej"]
[Black "Zivotic, Aleksandar"]
[Result "1/2-1/2"]
[WhiteElo "1842"]
[BlackElo "1711"]
[PlyCount "122"]
[EventDate "2012.04.22"]
[EventType "tourn (corr)"]
[EventRounds "10"]
[EventCountry "GER"]
[SourceTitle "Telechess CBM 163"]
[Source "ChessBase"]
[SourceDate "2014.11.11"]
[SourceVersion "2"]
[SourceVersionDate "2014.11.11"]
[SourceQuality "1"]

1. e4 c5 2. Nf3 d6 3. Bb5+ Bd7 4. Bxd7+ Qxd7 5. 0-0 Nc6 6. c3 Nf6 7. Re1 e6 8. d4 cxd4 9. cxd4 d5 10. e5 Ne4 11. a3 Be7 12. Nbd2 Nxd2 13. Bxd2 0-0 14. Rc1 Rfc8 15. Qb3 a5 16. Rc2 Bd8 17. Qd3 h6 18. Re3 Na7 19. h4 Qa4 20. Rc3 b5 21. Qf1 Bb6 22. h5 Rab8 23. Qe1 Bd8 24. Rc1 Rxc1 25. Qxc1 b4 26. axb4 axb4 27. Re1 b3 28. Qc5 Nb5 29. Qb4 Qa7 30. Rc1 Be7 31. Qa5 Qxa5 32. Bxa5 Ra8 33. Bd2 Kh7 34. Rc6 Ra1+ 35. Kh2 Rb1 36. Bc1 Bd8 37. Kh3 g6 38. hxg6+ Kxg6 39. g3 Kg7 40. Kg4 Kh7 41. Kh5 Na7 42. Ra6 Rxc1 43. Rxa7 Kg7 44. Ra8 Be7 45. Ra7 Bf8 46. Rb7 Rc2 47. Rxb3 Rxf2 48. Kg4 Be7 49. Rb7 Bd8 50. Rb8 f5+ 51. exf6+ Bxf6 52. Ne5 Bxe5 53. dxe5 Kg6 54. Rg8+ Kf7 55. Rh8 Rf5 56. Rxh6 Rxe5 57. Kf3 Re4 58. Rh7+ Kf6 59. Rh4 Re1 60. g4 Rf1+ 61. Ke3 Rb1 1/2-1/2

[Event "BI-2012-P-00030"]
[Site "LSS email"]
[Date "2012.04.20"]
[Round "?"]
[White "Zivotic, Aleksandar"]
[Black "Zhdanenia, Konstantin A"]
[Result "1/2-1/2"]
[WhiteElo "1711"]
[BlackElo "2003"]
[PlyCount "64"]
[EventDate "2012.04.22"]
[EventType "tourn (corr)"]
[EventRounds "10"]
[EventCountry "GER"]
[SourceTitle "Telechess CBM 163"]
[Source "ChessBase"]
[SourceDate "2014.11.11"]
[SourceVersion "2"]
[SourceVersionDate "2014.11.11"]
[SourceQuality "1"]

1. d4 c5 2. d5 Nf6 3. Nf3 b5 4. Bg5 Na6 5. a4 b4 6. Nbd2 Nxd5 7. e4 Ndc7 8. Bc4 d6 9. 0-0 g6 10. e5 d5 11. Ne4 dxe4 12. Bxf7+ Kxf7 13. Qxd8 exf3 14. Qd3 fxg2 15. Rfe1 Be6 16. Qf3+ Kg8 17. Rad1 h6 18. Be3 Rb8 19. h4 h5 20. Qc6 Rb6 21. Qxg2 Kh7 22. Rd8 Bf5 23. f4 Bh6 24. Rxh8+ Kxh8 25. Rd1 Kg7 26. Rd8 Kf7 27. Qf1 Be6 28. b3 Rb7 29. Kh2 Bg7 30. Qd3 Bf5 31. Qc4+ Be6 32. Qf1 Bf5 1/2-1/2

[Event "OP-2012-0-02096"]
[Site "LSS email"]
[Date "2012.03.08"]
[Round "?"]
[White "Husemann, Andreas"]
[Black "Zivotic, Aleksandar"]
[Result "1/2-1/2"]
[WhiteElo "2067"]
[BlackElo "1652"]
[PlyCount "64"]
[EventDate "2012.03.03"]
[EventType "tourn (corr)"]
[EventRounds "4"]
[EventCountry "GER"]
[SourceTitle "Telechess CBM 159"]
[Source "ChessBase"]
[SourceDate "2014.03.17"]
[SourceVersion "1"]
[SourceVersionDate "2014.03.17"]
[SourceQuality "1"]

1. d4 Nf6 2. c4 e6 3. Nf3 b6 4. g3 Ba6 5. b3 Bb4+ 6. Bd2 Be7 7. Bg2 c6 8. Bc3 d5 9. Ne5 Nfd7 10. Nxd7 Nxd7 11. Nd2 0-0 12. 0-0 Rc8 13. Re1 f5 14. a4 Nf6 15. a5 Bb7 16. e3 Qd7 17. Nf3 Ne4 18. Ne5 Qc7 19. Bb2 Bb4 20. axb6 axb6 21. Rf1 Ra8 22. Qc2 Bd6 23. Rfc1 Bxe5 24. dxe5 Rxa1 25. Rxa1 c5 26. f3 Ng5 27. Qe2 Rd8 28. Bc3 Bc6 29. Rd1 Nf7 30. f4 dxc4 31. Rxd8+ Nxd8 32. bxc4 Bxg2 1/2-1/2

[Event "OP-2012-0-02096"]
[Site "LSS email"]
[Date "2012.03.08"]
[Round "?"]
[White "Malyszek, Tomasz"]
[Black "Zivotic, Aleksandar"]
[Result "0-1"]
[WhiteElo "951"]
[BlackElo "1652"]
[PlyCount "34"]
[EventDate "2012.03.03"]
[EventType "tourn (corr)"]
[EventRounds "4"]
[EventCountry "GER"]
[SourceTitle "Corr 2015"]
[Source "ChessBase"]
[SourceDate "2015.07.17"]
[SourceVersion "1"]
[SourceVersionDate "2015.07.17"]
[SourceQuality "1"]

1. e4 c5 2. Nf3 d6 3. Bc4 Nf6 4. Nc3 e6 5. Bb5+ Nc6 6. d4 cxd4 7. Nxd4 Bd7 8. Bxc6 bxc6 9. 0-0 Be7 10. Bg5 0-0 11. h3 Rb8 12. b3 Qc7 13. a4 h6 14. Bxf6 Bxf6 15. Qd2 c5 16. Ndb5 Qa5 17. Qxd6 Bxb5 0-1

[Event "ZI-2012-0-01257"]
[Site "LSS email"]
[Date "2012.03.05"]
[Round "?"]
[White "Zivotic, Aleksandar"]
[Black "Schulz, Hans Juergen"]
[Result "1-0"]
[WhiteElo "1681"]
[BlackElo "1879"]
[PlyCount "139"]
[EventDate "2012.02.22"]
[EventType "match (corr)"]
[EventRounds "2"]
[EventCountry "GER"]
[SourceTitle "Telechess CBM 153"]
[Source "ChessBase"]
[SourceDate "2013.03.14"]
[SourceVersion "1"]
[SourceVersionDate "2013.03.14"]
[SourceQuality "1"]

1. e4 c5 2. Nf3 d6 3. d4 cxd4 4. Nxd4 Nf6 5. Nc3 a6 6. Bg5 e6 7. f4 Be7 8. Qf3 Qc7 9. 0-0-0 Nbd7 10. g4 b5 11. Bxf6 Nxf6 12. g5 Nd7 13. f5 Bxg5+ 14. Kb1 Ne5 15. Qh5 Qd8 16. Rg1 Bf6 17. fxe6 0-0 18. Bh3 g6 19. Nd5 Kh8 20. Qe2 fxe6 21. Bxe6 Ra7 22. Nxf6 Rxf6 23. Bd5 Re7 24. h4 Qf8 25. Qd2 Bg4 26. Rde1 Qc8 27. Ref1 Qf8 28. Rxf6 Qxf6 29. Qe1 Nc4 30. Qc3 Ne5 31. a4 bxa4 32. h5 Bd7 33. hxg6 hxg6 34. Qe1 Re8 35. Qa5 Qf2 36. Rd1 Kg7 37. Qc7 a3 38. bxa3 Re7 39. Qxd6 Qf6 40. Qb8 Re8 41. Qc7 Re7 42. Rh1 Nf7 43. Qc3 Ng5 44. Qe3 Re8 45. Ka2 Bc8 46. Rh2 Bd7 47. c4 Qe5 48. Rf2 Rf8 49. Rg2 Ne6 50. Nxe6+ Bxe6 51. Qa7+ Rf7 52. Qxa6 Rf1 53. Qb7+ Kf6 54. Rb2 Bxd5 55. exd5 Qe4 56. Qa6+ Kg7 57. d6 Qd4 58. Qc6 Rf7 59. Rg2 Kf8 60. Rh2 Kg7 61. a4 Ra7 62. Qb5 Kf6 63. Rg2 Kf7 64. Qc6 Kf8 65. Rb2 Qd1 66. Qc8+ Kg7 67. Rb7+ Rxb7 68. Qxb7+ Kh6 69. Qb4 g5 70. a5 1-0

[Event "ZI-2012-0-01250"]
[Site "LSS email"]
[Date "2012.02.23"]
[Round "?"]
[White "Hillebrand, Carsten"]
[Black "Zivotic, Aleksandar"]
[Result "0-1"]
[WhiteElo "1478"]
[BlackElo "1629"]
[PlyCount "34"]
[EventDate "2012.02.18"]
[EventType "match (corr)"]
[EventRounds "2"]
[EventCountry "GER"]
[SourceTitle "Corr 2015"]
[Source "ChessBase"]
[SourceDate "2015.07.17"]
[SourceVersion "1"]
[SourceVersionDate "2015.07.17"]
[SourceQuality "1"]

1. c4 c5 2. g3 g6 3. Bg2 Bg7 4. Nc3 Nc6 5. Nf3 e6 6. 0-0 Nge7 7. d3 0-0 8. Bd2 d5 9. a3 b6 10. Rb1 dxc4 11. dxc4 Bb7 12. Qc2 Nf5 13. Rbd1 Ncd4 14. Nxd4 Nxd4 15. Qc1 Qe7 16. Bg5 f6 17. Be3 Rad8 0-1

[Event "LSS No Engine Cup 59 Preliminary 2"]
[Site "LSS email"]
[Date "2012.02.06"]
[Round "?"]
[White "Zivotic, Aleksandar"]
[Black "Jenneborg, Seved"]
[Result "1/2-1/2"]
[WhiteElo "1629"]
[BlackElo "1657"]
[PlyCount "39"]
[EventDate "2012.02.07"]
[EventType "tourn (corr)"]
[EventRounds "6"]
[EventCountry "GER"]
[SourceTitle "Telechess CBM 153"]
[Source "ChessBase"]
[SourceDate "2013.03.14"]
[SourceVersion "1"]
[SourceVersionDate "2013.03.14"]
[SourceQuality "1"]

1. d4 Nf6 2. c4 e6 3. Nf3 d5 4. Nc3 Bb4 5. Bg5 Nc6 6. e3 h6 7. Bh4 g5 8. Bg3 Ne4 9. Qc2 h5 10. h3 Nxg3 11. fxg3 Bd7 12. a3 Bxc3+ 13. Qxc3 Qe7 14. b4 Qd6 15. Kf2 h4 16. g4 f6 17. cxd5 exd5 18. Rc1 0-0-0 19. b5 Ne7 20. Qc5 1/2-1/2

[Event "OP-2012-0-02044"]
[Site "LSS email"]
[Date "2012.02.03"]
[Round "?"]
[White "Jarabinsky, Martin"]
[Black "Zivotic, Aleksandar"]
[Result "1-0"]
[WhiteElo "2132"]
[BlackElo "1711"]
[PlyCount "101"]
[EventDate "2012.01.31"]
[EventType "tourn (corr)"]
[EventRounds "4"]
[EventCountry "GER"]
[SourceTitle "Telechess CBM 163"]
[Source "ChessBase"]
[SourceDate "2014.11.11"]
[SourceVersion "2"]
[SourceVersionDate "2014.11.11"]
[SourceQuality "1"]

1. e4 c5 2. Nf3 d6 3. d4 cxd4 4. Nxd4 Nf6 5. Nc3 a6 6. Bg5 Nbd7 7. a4 g6 8. Be2 Bg7 9. a5 0-0 10. 0-0 Nc5 11. Bf3 Re8 12. h3 Ncd7 13. Qd2 Ne5 14. Be2 Bd7 15. Rfd1 Rc8 16. Bxf6 Bxf6 17. Nd5 Bg7 18. Nb6 Rc7 19. c4 Nc6 20. Nf3 Ne5 21. Nxe5 Bxe5 22. Ra2 Bc6 23. Qe3 e6 24. f4 Bg7 25. e5 d5 26. Bf3 Qh4 27. cxd5 exd5 28. Nxd5 Rd7 29. b4 g5 30. Qf2 Qxf2+ 31. Rxf2 Kf8 32. Nf6 Rxd1+ 33. Bxd1 Bxf6 34. exf6 Rd8 35. Bf3 Bxf3 36. Rxf3 gxf4 37. Rxf4 Rd6 38. Kf2 h6 39. Ke3 b6 40. h4 Kg8 41. Ke4 Rd2 42. Rg4+ Kf8 43. axb6 Rd6 44. b7 Rb6 45. Ke5 Rxb7 46. Rc4 Kg8 47. h5 Rb5+ 48. Kd6 Rb6+ 49. Rc6 Rxb4 50. Rc8+ Kh7 51. Ke7 1-0

[Event "OP-2012-0-02044"]
[Site "LSS email"]
[Date "2012.02.03"]
[Round "?"]
[White "Suarez, Richard"]
[Black "Zivotic, Aleksandar"]
[Result "0-1"]
[WhiteElo "1151"]
[BlackElo "1711"]
[PlyCount "54"]
[EventDate "2012.01.31"]
[EventType "tourn (corr)"]
[EventRounds "4"]
[EventCountry "GER"]
[SourceTitle "Telechess CBM 163"]
[Source "ChessBase"]
[SourceDate "2014.11.11"]
[SourceVersion "2"]
[SourceVersionDate "2014.11.11"]
[SourceQuality "1"]

1. d4 Nf6 2. c4 e6 3. Nc3 Bb4 4. Qc2 0-0 5. a3 Bxc3+ 6. Qxc3 b6 7. Bg5 Bb7 8. e3 d6 9. Ne2 Nbd7 10. Qd3 h6 11. Bh4 e5 12. Nc3 exd4 13. Qxd4 Re8 14. Rd1 g5 15. Bg3 Ne4 16. Nxe4 Rxe4 17. Qd2 Re6 18. f3 Qe7 19. Bf2 g4 20. Be2 Ne5 21. Rg1 Rg6 22. f4 Nd7 23. f5 Rg7 24. Qd4 h5 25. b4 Qg5 26. Bd3 Ne5 27. Bc2 Bxg2 0-1

[Event "OP-2012-0-02044"]
[Site "LSS email"]
[Date "2012.02.03"]
[Round "?"]
[White "Zivotic, Aleksandar"]
[Black "Albesa, Alfredo Ricardo"]
[Result "1/2-1/2"]
[WhiteElo "1711"]
[BlackElo "1618"]
[PlyCount "55"]
[EventDate "2012.01.31"]
[EventType "tourn (corr)"]
[EventRounds "4"]
[EventCountry "GER"]
[SourceTitle "Telechess CBM 163"]
[Source "ChessBase"]
[SourceDate "2014.11.11"]
[SourceVersion "2"]
[SourceVersionDate "2014.11.11"]
[SourceQuality "1"]

1. e4 e5 2. Nf3 Nc6 3. Bb5 a6 4. Ba4 Nf6 5. 0-0 Be7 6. Nc3 b5 7. Bb3 0-0 8. d3 Bb7 9. Bd2 d6 10. Nd5 Nxd5 11. Bxd5 Rb8 12. c3 Qc8 13. b4 Nd8 14. a4 c6 15. Ba2 Ne6 16. axb5 axb5 17. Be3 Ra8 18. Qc2 h6 19. d4 exd4 20. Nxd4 Nxd4 21. cxd4 d5 22. exd5 cxd5 23. Qd3 Bxb4 24. Bb1 f5 25. Rxa8 Qxa8 26. Bxh6 gxh6 27. Qg3+ Kf7 28. Bxf5 1/2-1/2

[Event "OP-2012-0-02044"]
[Site "LSS email"]
[Date "2012.02.03"]
[Round "?"]
[White "Zivotic, Aleksandar"]
[Black "Gimenes, Hamilton"]
[Result "1-0"]
[WhiteElo "1711"]
[BlackElo "1473"]
[PlyCount "115"]
[EventDate "2012.01.31"]
[EventType "tourn (corr)"]
[EventRounds "4"]
[EventCountry "GER"]
[SourceTitle "Telechess CBM 163"]
[Source "ChessBase"]
[SourceDate "2014.11.11"]
[SourceVersion "2"]
[SourceVersionDate "2014.11.11"]
[SourceQuality "1"]

1. e4 c5 2. Nf3 d6 3. d4 cxd4 4. Nxd4 Nf6 5. Nc3 g6 6. Be3 Bg7 7. f3 Nc6 8. Qd2 0-0 9. Bc4 Qa5 10. Bb3 Nxd4 11. Bxd4 Be6 12. Bxe6 fxe6 13. 0-0-0 Rac8 14. Kb1 Nd7 15. Bxg7 Kxg7 16. Qd4+ Ne5 17. Ne2 Rf6 18. b3 Qb5 19. Rhe1 Qa5 20. c3 b6 21. f4 Nc6 22. Qd3 h5 23. Rg1 b5 24. g4 b4 25. c4 Rh8 26. h3 hxg4 27. Rxg4 Kf7 28. Rdg1 e5 29. c5 Ke8 30. cxd6 Rxd6 31. Qc4 Rxh3 32. Rxg6 Rhd3 33. Re6 Rd2 34. Nc1 exf4 35. Rxd6 Rxd6 36. Nd3 Qb6 37. Nc5 e6 38. Qc2 e5 39. Rg8+ Ke7 40. Qh2 Rd1+ 41. Kb2 Rd2+ 42. Qxd2 Qxc5 43. Rg7+ Kf6 44. Rc7 Qd4+ 45. Qxd4 Nxd4 46. Kc1 Kg5 47. Kd2 Kg4 48. Rxa7 Kg3 49. Kd3 Kg2 50. Rg7+ Kf2 51. Re7 Nf3 52. Rf7 Nd4 53. Rf5 Nf3 54. Kc4 Ke3 55. Kxb4 Nd4 56. Rf6 Kxe4 57. a4 Nf5 58. Kc3 1-0

[Event "ZI-2012-0-01222"]
[Site "LSS email"]
[Date "2012.01.31"]
[Round "?"]
[White "Salazar Moran, Alejandro Fortunato"]
[Black "Zivotic, Aleksandar"]
[Result "0-1"]
[WhiteElo "1567"]
[BlackElo "1634"]
[PlyCount "92"]
[EventDate "2012.01.26"]
[EventType "match (corr)"]
[EventRounds "2"]
[EventCountry "GER"]
[SourceTitle "Corr 2015"]
[Source "ChessBase"]
[SourceDate "2015.07.17"]
[SourceVersion "1"]
[SourceVersionDate "2015.07.17"]
[SourceQuality "1"]

1. e4 c5 2. Nf3 d6 3. d4 cxd4 4. Nxd4 Nf6 5. Nc3 a6 6. Be3 e6 7. g4 h6 8. f4 Nc6 9. Be2 Nxd4 10. Bxd4 Be7 11. Qd2 e5 12. Bf2 b5 13. Rg1 b4 14. Nd5 Nxe4 15. Qxb4 Nxf2 16. Kxf2 Bh4+ 17. Kg2 0-0 18. Rgd1 a5 19. Qb6 Qxb6 20. Nxb6 Rb8 21. Rxd6 Be7 22. Rd7 Bxd7 23. Nxd7 Rxb2 24. Nxf8 Rxc2 25. Kf1 Kxf8 26. fxe5 Bb4 27. a3 Bc3 28. Rb1 Bxe5 29. h4 Ra2 30. Rb5 Bc3 31. Rb8+ Ke7 32. Rb7+ Kd6 33. Rb3 Bd4 34. Ke1 Kd5 35. g5 f5 36. gxf6 Bxf6 37. h5 Ke4 38. Kd1 Be7 39. Rb7 Bg5 40. Rxg7 Rxa3 41. Ra7 Ra1+ 42. Kc2 Ra2+ 43. Kd1 Rd2+ 44. Ke1 Ke3 45. Bg4 Rg2 46. Bh3 Rg1+ 0-1

[Event "ZL-2012-0-01076"]
[Site "LSS email"]
[Date "2012.01.22"]
[Round "?"]
[White "Zivotic, Aleksandar"]
[Black "Fernandez, German"]
[Result "1-0"]
[WhiteElo "1554"]
[BlackElo "1070"]
[PlyCount "63"]
[EventDate "2012.01.17"]
[EventType "match (corr)"]
[EventRounds "2"]
[EventCountry "GER"]
[SourceTitle "Telechess CBM 157"]
[Source "ChessBase"]
[SourceDate "2013.11.12"]
[SourceVersion "1"]
[SourceVersionDate "2013.11.12"]
[SourceQuality "1"]

1. e4 e5 2. Nf3 Nc6 3. c3 Nf6 4. d4 d6 5. Bd3 Bg4 6. d5 Ne7 7. c4 b6 8. 0-0 Ng6 9. Nc3 Be7 10. Be3 0-0 11. h3 Bd7 12. Re1 a6 13. b4 Nh5 14. Ne2 a5 15. a3 Nhf4 16. Nxf4 Nxf4 17. Bf1 f5 18. exf5 Bxf5 19. Bxf4 exf4 20. Bd3 Bxd3 21. Qxd3 Bf6 22. Rad1 Qd7 23. Re6 Rfe8 24. Rde1 Rxe6 25. dxe6 Qc6 26. Nd4 Qe8 27. Qe4 Be5 28. e7 axb4 29. Nc6 bxa3 30. Qd5+ Qf7 31. Nd8 Qxd5 32. e8R# 1-0

[Event "RE-2011-0-00087"]
[Site "LSS email"]
[Date "2012.01.22"]
[Round "?"]
[White "Zivotic, Aleksandar"]
[Black "Stadler, Pavel"]
[Result "1-0"]
[WhiteElo "1629"]
[BlackElo "1213"]
[PlyCount "43"]
[EventDate "2011.12.29"]
[EventType "tourn (corr)"]
[EventRounds "6"]
[EventCountry "GER"]
[SourceTitle "Telechess CBM 153"]
[Source "ChessBase"]
[SourceDate "2013.03.14"]
[SourceVersion "1"]
[SourceVersionDate "2013.03.14"]
[SourceQuality "1"]

1. e4 e5 2. Nf3 d6 3. d4 exd4 4. Nxd4 Nf6 5. Nc3 Be7 6. Be2 0-0 7. 0-0 c6 8. Qd3 Nbd7 9. Qg3 Ne5 10. f4 Ng6 11. f5 Ne5 12. Bh6 Ne8 13. Bf4 Bf6 14. Rad1 Qe7 15. a4 Bd7 16. Kh1 Nc7 17. Nf3 Rad8 18. Rxd6 Qxd6 19. Nxe5 Qe7 20. Ng4 Ne8 21. Nxf6+ Nxf6 22. Bd6 1-0

[Event "FICGS W-ch st1 g22 email"]
[Site "FICGS email"]
[Date "2012.01.15"]
[Round "1"]
[White "Pentru, Oana"]
[Black "Zivotic, Aleksandar"]
[Result "1-0"]
[WhiteElo "1800"]
[BlackElo "1422"]
[PlyCount "47"]
[EventDate "2012.??.??"]
[EventType "tourn (corr)"]
[EventRounds "8"]
[SourceTitle "Corr 2022"]
[Source "ChessBase"]
[SourceDate "2021.10.24"]
[SourceVersion "1"]
[SourceVersionDate "2021.10.24"]
[SourceQuality "1"]

1. d4 Nf6 2. Nf3 d5 3. c4 e6 4. g3 Be7 5. Bg2 0-0 6. 0-0 dxc4 7. Qc2 a6 8. Qxc4 b5 9. Qc2 Bb7 10. Bd2 Be4 11. Qc1 Bb7 12. Bf4 Bd6 13. Nc3 Nbd7 14. Rd1 Qb8 15. Bxd6 cxd6 16. a3 a5 17. Qd2 Nb6 18. e3 b4 19. axb4 axb4 20. Ne2 Nfd5 21. e4 Nc4 22. Qc2 Nde3 23. fxe3 Nxe3 24. Qd3 1-0

[Event "FICGS class D 000179 email"]
[Site "FICGS email"]
[Date "2012.01.14"]
[Round "1"]
[White "Zivotic, Aleksandar"]
[Black "Phelippeau, Jacques"]
[Result "0-1"]
[WhiteElo "1422"]
[BlackElo "1500"]
[PlyCount "34"]
[EventDate "2012.??.??"]
[EventType "tourn (corr)"]
[EventRounds "6"]
[SourceTitle "Corr 2022"]
[Source "ChessBase"]
[SourceDate "2021.10.24"]
[SourceVersion "1"]
[SourceVersionDate "2021.10.24"]
[SourceQuality "1"]

1. e4 e5 2. Nf3 Nc6 3. Bc4 Nf6 4. Nc3 Bb4 5. 0-0 0-0 6. d3 Na5 7. Nd5 Nxd5 8. Bxd5 c6 9. a3 Bd6 10. Ba2 c5 11. c3 Nc6 12. b4 cxb4 13. axb4 b5 14. Be3 Bb7 15. Bd5 a6 16. h4 Qc7 17. Qb3 Ne7 0-1

[Event "ZL-2011-0-01008"]
[Site "LSS email"]
[Date "2011.10.30"]
[Round "?"]
[White "Molano Lafuente, Ismael"]
[Black "Zivotic, Aleksandar"]
[Result "0-1"]
[WhiteElo "1349"]
[BlackElo "1554"]
[PlyCount "44"]
[EventDate "2011.10.16"]
[EventType "match (corr)"]
[EventRounds "2"]
[EventCountry "GER"]
[SourceTitle "Telechess CBM 157"]
[Source "ChessBase"]
[SourceDate "2013.11.12"]
[SourceVersion "1"]
[SourceVersionDate "2013.11.12"]
[SourceQuality "1"]

1. e4 c5 2. Nf3 d6 3. d4 cxd4 4. Qxd4 Nc6 5. Bb5 Bd7 6. Bxc6 Bxc6 7. Nc3 Nf6 8. Bg5 e6 9. 0-0-0 Be7 10. Rhe1 0-0 11. Qd2 h6 12. Bf4 e5 13. Bg3 Nd7 14. Nd5 Bxd5 15. Qxd5 Qc7 16. h3 Rfc8 17. c3 b5 18. Qxb5 Rab8 19. Qe2 Qa5 20. Kb1 Rxc3 21. Rc1 Ra3 22. Qc4 Bd8 0-1

[Event "SE-2011-0-00087"]
[Site "LSS email"]
[Date "2011.10.16"]
[Round "?"]
[White "Baez, Jorge Luis"]
[Black "Zivotic, Aleksandar"]
[Result "1/2-1/2"]
[WhiteElo "1441"]
[BlackElo "1554"]
[PlyCount "47"]
[EventDate "2011.09.04"]
[EventType "tourn (corr)"]
[EventRounds "6"]
[EventCountry "GER"]
[SourceTitle "Telechess CBM 157"]
[Source "ChessBase"]
[SourceDate "2013.11.12"]
[SourceVersion "1"]
[SourceVersionDate "2013.11.12"]
[SourceQuality "1"]

1. d4 Nf6 2. c4 e6 3. e3 d5 4. Nc3 c5 5. Nf3 Nc6 6. Bd3 dxc4 7. Bxc4 a6 8. 0-0 b5 9. Bd3 Bb7 10. Re1 Rc8 11. a4 b4 12. Ne4 Nxe4 13. Bxe4 Qc7 14. a5 Be7 15. Bd2 0-0 16. dxc5 Nxa5 17. Bxb7 Nxb7 18. Bxb4 Nxc5 19. Rc1 Rfd8 20. Qe2 Qb7 21. Ba3 Bd6 22. Red1 Ne4 23. Bxd6 Rxd6 24. Rxc8+ 1/2-1/2

[Event "SE-2011-0-00087"]
[Site "LSS email"]
[Date "2011.10.16"]
[Round "?"]
[White "Zivotic, Aleksandar"]
[Black "Tutov, Nikolay"]
[Result "1-0"]
[WhiteElo "1554"]
[BlackElo "1436"]
[PlyCount "57"]
[EventDate "2011.09.04"]
[EventType "tourn (corr)"]
[EventRounds "6"]
[EventCountry "GER"]
[SourceTitle "Telechess CBM 157"]
[Source "ChessBase"]
[SourceDate "2013.11.12"]
[SourceVersion "1"]
[SourceVersionDate "2013.11.12"]
[SourceQuality "1"]

1. e4 e6 2. d4 d5 3. Nd2 Nf6 4. e5 Nfd7 5. Bd3 c5 6. c3 Nc6 7. Ne2 cxd4 8. cxd4 f6 9. Nf4 Qe7 10. Nf3 fxe5 11. dxe5 Ndxe5 12. Nxe5 Nxe5 13. Qh5+ Nf7 14. 0-0 g5 15. Nh3 h6 16. f4 g4 17. Nf2 g3 18. Ng4 gxh2+ 19. Kxh2 Kd8 20. Be3 Nd6 21. Rac1 Qg7 22. Ne5 Be7 23. Bd4 Bf6 24. Rfe1 Rg8 25. g4 Bd7 26. Nxd7 Kxd7 27. Rxe6 Kxe6 28. Bf5+ Ke7 29. Rc7+ 1-0

[Event "OP-2011-0-01817"]
[Site "LSS email"]
[Date "2011.10.12"]
[Round "?"]
[White "Heineccius, August"]
[Black "Zivotic, Aleksandar"]
[Result "0-1"]
[WhiteElo "992"]
[BlackElo "1200"]
[PlyCount "46"]
[EventDate "2011.10.09"]
[EventType "tourn (corr)"]
[EventRounds "4"]
[EventCountry "GER"]
[SourceTitle "Telechess CBM 149"]
[Source "ChessBase"]
[SourceDate "2012.07.17"]
[SourceVersion "1"]
[SourceVersionDate "2012.07.17"]
[SourceQuality "1"]

1. e4 c5 2. c4 e6 3. Nf3 d5 4. exd5 exd5 5. Bd3 Nf6 6. 0-0 Be7 7. Re1 Nc6 8. h3 d4 9. a3 0-0 10. Be4 Nxe4 11. Rxe4 Bf5 12. Rh4 Bxh4 13. d3 Re8 14. g3 Bf6 15. g4 Bg6 16. Bd2 Bxd3 17. g5 Be2 18. Qb3 d3 19. Nc3 Bxf3 20. gxf6 Qxf6 21. Re1 Rxe1+ 22. Bxe1 Qg5+ 23. Kf1 Qg2# 0-1

[Event "OP-2011-0-01817"]
[Site "LSS email"]
[Date "2011.10.12"]
[Round "?"]
[White "Zivotic, Aleksandar"]
[Black "Lewis, Jerome A"]
[Result "1-0"]
[WhiteElo "1200"]
[BlackElo "1067"]
[PlyCount "45"]
[EventDate "2011.10.09"]
[EventType "tourn (corr)"]
[EventRounds "4"]
[EventCountry "GER"]
[SourceTitle "Telechess CBM 149"]
[Source "ChessBase"]
[SourceDate "2012.07.17"]
[SourceVersion "1"]
[SourceVersionDate "2012.07.17"]
[SourceQuality "1"]

1. e4 Nf6 2. e5 Nd5 3. d4 d6 4. Bc4 dxe5 5. dxe5 c6 6. Nc3 Be6 7. Nf3 g6 8. Ng5 Qd7 9. Nxe6 Nxc3 10. Qxd7+ Nxd7 11. Nc7+ Kd8 12. Nxa8 Nxe5 13. Bb3 Nd5 14. Bg5 f6 15. 0-0-0 Kc8 16. Rhe1 Bg7 17. Bd2 Kb8 18. f4 Ng4 19. Bxd5 Kxa8 20. Rxe7 Bh6 21. Bf3 f5 22. Bxg4 fxg4 23. Be3 1-0